Animals that start with J - Statistics

General Stats
  • This quiz has been taken 1,789 times
  • The average score is 7 of 15
Answer Stats
Hint Answer % Correct
Large yellowish-brown cat with blak spots. jaguar
92%
A bird in the Crow family. Such as blue ___ jay
89%
Baby kangaroo. joey
87%
A free-swimming marine coelenterate that could sting you. jellyfish
76%
A small spider that hunts prey by stalking and pouncing on it. jumping spider
57%
A wild dog found in Africa... jackal
56%
A hare found inNorth America. Such as black-tailed__________ jackrabbit
50%
List a name for a girl that starts with J, ends with a double letter, and has the vowel "i" inbetween. Jill
49%
A kind of dog of a small working breed with short legs. jack russel
36%
A large brown beetle that appears in late spring and early summer. june bug
35%
Another name for a female donkey, bird, or crab. jenny
32%
A kind of crow that nests in tall buildings and chimneys. jackdaw
22%
A desert-dwelling rodent with long hind legs. jerboa
17%
Songbird related to the buntings, Such as dark-eyed ______ junco
13%
An edible fish with a black oval mark on each side. john dory
8%
No matching quizzes found
Score Distribution
Percent of People with Each Score
Percentile by Number Answered
Your Score History
You have not taken this quiz